| 000 | | | 04140nmc2a22000003x 450 |
| 001 | | | 4ff6df20-a20c-4c05-8f38-2d1d709a4622 |
| 005 | | | 20181224180859.0 |
| 100 | ## | $a | 20170623l18451845k l0rusy0189 ca |
| 101 | 0# | $a | rus |
| 102 | ## | $a | RU |
| 200 | 1# | $a | Дело о возобновлении контракта с танцовщицей Герино и об увольнении танцовщика Герино в отставку |
| | $j | 9 июня - 26 ноября 1845 г. |
| 251 | ## | $c | Дело |
| 300 | ## | $a | По Московской дирекции за 1845 год |
| 300 | ## | $a | Ориг. заголовок дела: Дело о возобновлении ангажемента танцовщика Герино и жены его танцовщицы, и об увольнении первого из них вовсе от службы. 9 июня 1845 г. - 26 ноября 1845 г |
| 801 | #0 | $a | RU |
| | $b | РГИА |
| | $c | 20170623 |
| | $g | RCR |
| 801 | #1 | $a | RU |
| | $b | ГлавНИВЦ |
| | $c | 20170623 |
| | $2 | rusmarc |
| 801 | #2 | $a | RU |
| | $b | ПБ им. Б.Н. Ельцина |
| | $c | 20181224 |
| | $g | RCR |
| | $2 | rusmarc |
| 850 | ## | $a | РГИА |
| 852 | ## | $a | РГИА |
| | $e | Федеральное казенное учреждение "Российский государственный исторический архив" (РГИА) |
| | $j | 10624 |
| 937 | ## | $h | РГИА |
| | $d | 12245752 |
| | $a | ASBIBLIO_SCAN |
| 462 | #0 | $1 | 001dd3991dc-24e1-42ec-8838-ca4255420416 |
| | $1 | 2001 |
| | $a | 1746-1850 гг. |
| | $1 | 251 |
| | $c | Опись |
| | $1 | 852 |
| | $j | 1 |
| 461 | #0 | $1 | 0019264ebf8-de62-4f1a-9eb4-9f22098dbbd5 |
| | $1 | 2001 |
| | $a | Дирекция императорских театров МИДв |
| | $1 | 251 |
| | $c | Фонд |
| | $1 | 852 |
| | $j | 497 |
| 215 | ## | $a | 11 л. |
| | $d | 36,5х26 см |
| 371 | ## | $a | Документ не является опубликованным и широко распространяемым |
| 105 | ## | $a | y### |
| 122 | 2# | $a | d |
| 517 | 1# | $a | Дело о возобновлении ангажемента танцовщика Герино и жены его танцовщицы, и об увольнении первого из них вовсе от службы. 9 июня 1845 г. - 26 ноября 1845 г |
| 035 | ## | $a | 4ff6df20-a20c-4c05-8f38-2d1d709a4622 |
| 856 | ## | $u | http://readingroom.main.prlib.ru/item.aspx?id_node=n122259724&mode=full |